[Event "FRA-ch U18"]
[Site "Gonfreville"]
[Date "2016.??.??"]
[Round "2"]
[White "Pillard, Valentin"]
[Black "Rakotomaharo, Fy Antenaina"]
[Result "0-1"]
[WhiteElo "1895"]
[BlackElo "2438"]
[PlyCount "80"]
[EventDate "2016.04.22"]
[EventType "swiss"]
[EventRounds "9"]
[EventCountry "FRA"]
[SourceTitle "EXT 2019"]
[Source "ChessBase"]
[SourceDate "2018.10.10"]
[SourceVersion "1"]
[SourceVersionDate "2018.10.10"]
[SourceQuality "1"]

1. e4 c5 2. Nf3 Nc6 3. Bb5 d6 4. Bxc6+ bxc6 5. 0-0 e5 6. h3 Nf6 7. d3 g6 8. c4 Bg7 9. Qa4 Qb6 10. Nc3 0-0 11. Rb1 a5 12. Qc2 Ne8 13. Na4 Qa7 14. Nd2 Nc7 15. Nb3 Ne6 16. Bd2 Bf6 17. Qc1 Qc7 18. Qe1 Bd8 19. Bh6 Re8 20. Qd2 Qe7 21. f4 Nxf4 22. Bxf4 exf4 23. Qxf4 f6 24. Kh1 Kg7 25. Rbe1 Rb8 26. Naxc5 Bc7 27. Na4 d5 28. Qf2 dxc4 29. dxc4 Qe5 30. g4 Rb4 31. Nc3 Rxc4 32. Rd1 h5 33. gxh5 Rh8 34. Nd2 Rxh5 35. h4 Rb4 36. Nf3 Qf4 37. Nh2 Rxh4 38. Qxf4 Bxf4 39. Rf2 Be6 40. b3 Be5 0-1